000 00491nam a22001817a 4500
003 OSt
005 20260408013035.0
008 260408b |||||||| |||| 00| 0 eng d
020 _a0-425-14456-9.
040 _aDWC-Main lib.
_cOC
082 _aFic. M649f 1994
100 _aMiller, Linda Lael
245 _aFor all eternity/
_cLinda Lael Miller
260 _aNew York :
_bBerkley Books,
_cc1994.
300 _a341 p. ;
_c17 cm.
650 _a1. Fiction.
942 _2ddc
_cFIC.
_hFic.
_n0
999 _c9334
_d9334